<?xml version="1.0" encoding="UTF-8"?><?xml-stylesheet type="text/xsl" href="static/style.xsl"?><OAI-PMH xmlns="http://www.openarchives.org/OAI/2.0/" xmlns:xsi="http://www.w3.org/2001/XMLSchema-instance" xsi:schemaLocation="http://www.openarchives.org/OAI/2.0/ http://www.openarchives.org/OAI/2.0/OAI-PMH.xsd"><responseDate>2026-06-01T17:10:50Z</responseDate><request verb="GetRecord" identifier="oai:riuma.uma.es:10630/17088" metadataPrefix="marc">https://riuma.uma.es/rest/oai/request</request><GetRecord><record><header><identifier>oai:riuma.uma.es:10630/17088</identifier><datestamp>2026-02-03T11:59:23Z</datestamp><setSpec>com_10630_2254</setSpec><setSpec>col_10630_37959</setSpec></header><metadata><record xmlns="http://www.loc.gov/MARC21/slim" xmlns:dcterms="http://purl.org/dc/terms/" xmlns:doc="http://www.lyncode.com/xoai" xmlns:xsi="http://www.w3.org/2001/XMLSchema-instance" xsi:schemaLocation="http://www.loc.gov/MARC21/slim http://www.loc.gov/standards/marcxml/schema/MARC21slim.xsd">
   <leader>00925njm 22002777a 4500</leader>
   <datafield ind2=" " ind1=" " tag="042">
      <subfield code="a">dc</subfield>
   </datafield>
   <datafield ind2=" " ind1=" " tag="720">
      <subfield code="a">Ruiz-Delgado, María del Carmen</subfield>
      <subfield code="e">author</subfield>
   </datafield>
   <datafield ind2=" " ind1=" " tag="260">
      <subfield code="c">2018-12-18</subfield>
   </datafield>
   <datafield ind2=" " ind1=" " tag="520">
      <subfield code="a">Pi-conjugated biradical compounds become essential building blocks in DCC (dynamic covalent chemistry).1 This field is based on the creation of structural scaffolds based on chemical components which interact through strong but reversible bonds. Importantly, dynamic covalent bonds will be at the center of attention because of their unique feature to become reversible under mild conditions.2 Recently, we have demonstrated the reversible interconversion between a stable quinoid precursor based on a para-substituted carbazole with terminal dicyanomethylene groups and a macrocycle cyclophane upon soft external stimuli (temperature, pressure, light), which results on strong chromic features.3 In this work, we investigate the impact of the substitution pattern (i.e., the insertion of dicyanomethylene groups at the 2,7 (para) or 3,6 (meta) positions or the elongation of the carbazole backbone) on the formation of stimuli-responsive cyclophanes by self-assembly. To this end, we use a combined experimental and theoretical study that links vibrational spectroscopy (Raman and IR) with DFT calculations.</subfield>
   </datafield>
   <datafield ind1="8" ind2=" " tag="024">
      <subfield code="a">https://hdl.handle.net/10630/17088</subfield>
   </datafield>
   <datafield tag="653" ind2=" " ind1=" ">
      <subfield code="a">Resistencia de materiales</subfield>
   </datafield>
   <datafield ind2="0" ind1="0" tag="245">
      <subfield code="a">Carbazole-based biradicaloids as potential building blocks for dynamic covalent chemistry</subfield>
   </datafield>
</record>
</metadata></record></GetRecord></OAI-PMH>